• 首页
  • 本馆介绍
  • 公告通知
  • 最新文献
  • 馆藏检索
  • 电子资源
  • 读者导购
  • 参考咨询
  • 我的图书馆
  • 登录
  • 详细信息显示
  • 放入我的书架
  • 预约/预借图书
  • 作者相关作品
  • 分类相关作品
  • 丛书相关作品
  • 出版社相关作品

书目信息

  • 表格格式
  • 工作单格式
  • 卡片格式
题名:
东亚三国的近现代史
    
 
作者: 《东亚三国的近现代史》共同编写委员会编
分册:  
出版信息: 北京   社会科学文献出版社  2006
页数: 230页
开本: 24cm
丛书名:
单 册:
中图分类: K304 , K313.4
科图分类:
主题词: 近代史 , 现代史 , 亚洲--历史
电子资源:
ISBN: 978-7-80190-646-5
000 01194nam0 2200385 450
001 1234187223
005 20121007093052.56
010    @a978-7-80190-646-5@dCNY29.00
100    @a20120815e20072006em y0chiy50 ea
101 0  @achi
102    @aCN@b110000
105    @aa z 000yy
200 1  @a东亚三国的近现代史@Adong ya san guo de jin xian dai shi@f《东亚三国的近现代史》共同编写委员会编
205    @a5版@b修订版
210    @a北京@c社会科学文献出版社@d2006@h2007重印
215    @a230页@c图,照片@d24cm
300    @a文化部财政部送书下乡工程(2007年度) 历史地理类
304    @a中国、日本、韩国三国学者与教师共同编著
330    @a本书分四大章,内容包括:开港与近代化、日本帝国主义的扩张与中韩两国的抵抗、侵略战争和民众的受害、战后的东亚。
606 0  @a近代史
606 0  @a现代史
606 0  @a亚洲@x历史
607    @a中国@x近代史@x研究
607    @a中国@x现代史@x研究
607    @a日本@x近代史@x研究
607    @a日本@x现代史@x研究
607    @a韩国@x近代史@x研究
607    @a韩国@x现代史@x研究
607    @a中国
607    @a日本
607    @a韩国
690    @aK304@v5
690    @aK313.4@v5
801  0 @aCN@bNLC@c20120815
905    @a10447@dK304@eJY17
    
    东亚三国的近现代史/《东亚三国的近现代史》共同编写委员会编.-5版,修订版.-北京:社会科学文献出版社,2006(2007重印)
    230页:图,照片;24cm
    文化部财政部送书下乡工程(2007年度) 历史地理类
    
    ISBN 978-7-80190-646-5:CNY29.00
    本书分四大章,内容包括:开港与近代化、日本帝国主义的扩张与中韩两国的抵抗、侵略战争和民众的受害、战后的东亚。
●
相关链接 在E读中查询图书 在五车中查询图书 在当当中查询图书 在豆瓣中查询图书


正题名:东亚三国的近现代史     索取号:K304/JY17         预约/预借

序号 登录号 条形码 馆藏地/架位号 状态 备注
1 7832308   278323084   学院路分馆/ [索取号:K304/JY17] 在馆    
2 7832309   278323093   学院路分馆/ [索取号:K304/JY17] 在馆    
3 7832310   278323100   学院路分馆/ [索取号:K304/JY17] 在馆    
4 7832311   278323119   学院路分馆/ [索取号:K304/JY17] 在馆    
唐山师范学院图书馆 欢迎您!
大连网信软件有限公司© 版权所有